| 000 | 01120nas a2200373 4500 | ||
|---|---|---|---|
| 001 | BR0806020 | ||
| 003 | BR-BrBNA | ||
| 005 | 20231205112154.0 | ||
| 007 | ta | ||
| 008 | 230509b bl.|||p| |||| 00| 00por d | ||
| 040 |
_aBR-BrBNA _bpor _cBiblioteca Nacional de Agricultura |
||
| 041 | _a(Pt) | ||
| 072 | _aL01; C10; S13 | ||
| 100 | 1 | _aFernandes, L. de O. | |
| 100 | 1 | _aLedic, L.I. | |
| 100 | 1 | _aSilva, E.A. da | |
| 100 | 1 | _aFerreira, M.B.D. | |
| 100 | 1 | _aRibeiro, S.H.A. | |
| 100 | 1 | _aVerneque, R. da S. | |
| 245 | 1 | _aGir Leiteiro da Fazenda Experimental Getúlio Vargas (FEGT)- EPAMIG | |
| 650 | _aGADO LEITEIRO | ||
| 650 | _aZEBU | ||
| 650 | _aRAÇA GIR | ||
| 650 | _aPRODUÇÃO LEITEIRA | ||
| 650 | _aMANEJO | ||
| 650 | _aSISTEMA DE PRODUÇÃO | ||
| 650 | _aPASTAGEM | ||
| 650 | _aCRIAÇÃO | ||
| 650 | _aSELEÇÃO | ||
| 650 | _aFAZENDA EXPERIMENTAL | ||
| 773 | 0 |
_tInforme Agropecuário - Empresa de Pesquisa Agropecuária de Minas Gerais (Brazil) _xISSN 0100-3364 _g(Mar-Apr 2008), v. 29(243) p. 62-71 _wBR0806020 |
|
| 909 |
_a202311 _bLúcia _c55 _dLúcia Elande |
||
| 942 |
_2AGRIS _n0 _cANA |
||
| 999 |
_c196512 _d196512 |
||